[Event "Heraklion op 21st"]
[Site "Heraklion"]
[Date "2017.09.09"]
[Round "8"]
[White "Papidakis, Georgios"]
[Black "Bouzanas, Anastasios"]
[Result "1-0"]
[WhiteElo "1625"]
[BlackElo "1539"]
[PlyCount "135"]
[EventDate "2017.09.03"]
[EventType "swiss"]
[EventRounds "9"]
[EventCountry "GRE"]
[SourceTitle "CBM 180 Extra"]
[Source "ChessBase"]
[SourceDate "2017.10.06"]
[SourceVersion "1"]
[SourceVersionDate "2017.10.06"]
[SourceQuality "1"]

1. d4 Nf6 2. c4 c5 3. d5 e6 4. Nc3 exd5 5. cxd5 d6 6. e4 g6 7. Be2 Bg7 8. Nf3 0-0 9. 0-0 Re8 10. Qc2 Na6 11. a3 Nc7 12. Nd2 a6 13. a4 Rb8 14. a5 Bg4 15. f3 Bd7 16. Re1 Nh5 17. Nc4 Bb5 18. Ne3 Qh4 19. Bd2 Bd4 20. Bxb5 axb5 21. Ne2 Bg7 22. Ng4 Qe7 23. Bc3 Bf8 24. Nf4 b4 25. Nxh5 bxc3 26. Nhf6+ Kh8 27. Nxe8 Rxe8 28. bxc3 Bg7 29. Rab1 h5 30. Ne3 Na6 31. Rb6 Be5 32. Reb1 Qf6 33. Rxb7 Bxc3 34. Kh1 Nb4 35. Qe2 Bd4 36. Qb5 Rf8 37. Rb8 Rxb8 38. Qxb8+ Kg7 39. Nc4 Nd3 40. a6 Nf2+ 41. Kg1 Nxe4+ 42. Kf1 Qh4 43. Rb2 Bc3 44. Re2 Nf6 45. Qb3 Bd4 46. a7 Qxh2 47. Ke1 Nxd5 48. a8Q Nf4 49. Qc2 Qg1+ 50. Kd2 Nxe2 51. Kxe2 Qxg2+ 52. Kd3 Qf1+ 53. Qe2 Qb1+ 54. Kd2 Qb4+ 55. Kc2 Qc3+ 56. Kb1 Qb4+ 57. Ka2 Qc3 58. Qa3 Qa1+ 59. Kb3 Qb1+ 60. Nb2 d5 61. Qd1 Qf5 62. Qa6 Qe5 63. Qc2 Qb8+ 64. Ka2 h4 65. Qb3 Qe5 66. Qab7 h3 67. Q7xd5 Bxb2 68. Qxb2 1-0

[Event "Heraklion op 21st"]
[Site "Heraklion"]
[Date "2017.09.06"]
[Round "5"]
[White "Bouzanas, Anastasios"]
[Black "Gavrish, Leonid"]
[Result "0-1"]
[WhiteElo "1539"]
[BlackElo "2114"]
[PlyCount "46"]
[EventDate "2017.09.03"]
[EventType "swiss"]
[EventRounds "9"]
[EventCountry "GRE"]
[SourceTitle "CBM 180 Extra"]
[Source "ChessBase"]
[SourceDate "2017.10.06"]
[SourceVersion "1"]
[SourceVersionDate "2017.10.06"]
[SourceQuality "1"]

1. d4 Nf6 2. c4 c5 3. d5 b5 4. cxb5 a6 5. e3 Bb7 6. Nc3 axb5 7. Bxb5 Qa5 8. Bd2 Qb6 9. e4 Nxe4 10. a4 Qg6 11. Bd3 Nxc3 12. Bxg6 Nxd1 13. Bxf7+ Kxf7 14. Kxd1 Bxd5 15. Ne2 Rxa4 16. Kc2 Rxa1 17. Rxa1 Bxg2 18. Nf4 Be4+ 19. Kb3 Nc6 20. Re1 d5 21. Ka4 e5 22. Nh3 Be7 23. f4 Nd4 0-1